Регионална библиотека "Любен Каравелов" - Русе

Разкази (Запис номер 139496)

MARC детайли
000 -Лидер
Контролно поле с фиксирана дължина 01519nam a2200349 a 4500
003 - Код на организацията, давaща контролен номер
Контролно поле BLK
005 - Дата и час на последна редакция
Контролно поле 20240711163326.0
008 - Елементи от данни с фиксирана дължина
fixed length control field 180409b bul|||||r ||||||| ||bul||
010 ## - Наследен системен номер
LC control number KNG00145543000
040 ## - Източник на каталожния запис
Идентификатор на билиотеката - собственик на записа BLK
041 ## - Код за език
Код за езика на текст/звукозапис или на отделно заглавие Български
Код за езика КДБФ Български
080 ## - УДК
Текстов определител УДК Българска литература
УДК код - определител по УДК 821.163.2
УДК определител -93-32
УДК - код + определител 821.163.2-93-32
100 ## - Редна дума - Автор
Автор Елин Пелин
Пълна форма на името Стоянов, Димитър Иванов
R(LIN) 363511
139 ## - Редно поле
Редна дума Елин Пелин
Авторски знак Елин Пелин - Е 53
245 10 - Сведения за заглавието
Заглавие Разкази
Подзаглавни данни Сб.
Редно поле (дума) Елин Пелин; състав. и ред. Атанас Звездинов; ил. Тодор Цонев.
257 ## - Страна на издаване
Страна на създаване/издаване България
260 ## - Област на издателските данни
Име на издателя, разпространителя и проч. Нар. младеж
Година на издаване 1987
Място на издаване, разпространение и проч. София
300 ## - Физическа характеристика
Страници 71 с.
Илюстрации и др. с цв. ил.
Размери/Мащаб 29 см
380 ## - Жанр
Жанр Детска худож. лит.
500 ## - Общи забележки
Забележка Истинското име на авт. е Димитър Иванов Стоянов ; Атанас Звездинов е псевдоним на Атанас Василев Атанасов. - Офс. изд. - 100 000 тир.
700 1# - Други автори (авторска отговорност)
Лично име Звездинов, Атанас
Пълна форма на името Атанасов, Атанас Василев
Дати, свързани с автора 1943 -
Автороска отговорност (Описва отношението между автора и произведението) състав. и ред.
9 (RLIN) 69460
700 1# - Други автори (авторска отговорност)
Лично име Цонев, Тодор
Автороска отговорност (Описва отношението между автора и произведението) ил.
9 (RLIN) 375095
852 ## - Местоположение
Форматна сигнатура Цб ІІ 18125
856 4# - Електронен адрес и достъп
Електронен формат pdf - файл
856 4# - Електронен адрес и достъп
Електронен формат pdf - файл
999 ## - СИСТЕМНИ КОНТРОЛНИ НОМЕРА
Koha biblionumber 139496
Koha biblioitemnumber 139496
942 ## - АРТИКУЛИ
Вид на библиотечния материал Книги
Скрит в OPAC Не
Периодичен библиозапис Да
944 ## - СЪЗДАВАНЕ И РЕДАКЦИЯ на ЗАПИСА
Създаване/Редакция Създаване
Дата на регистрацията/редакция 11.07.2013
Статус, дата на статуса Геновева Генчева
Служител, извършил регистрацията/редакцията 30560
944 ## - СЪЗДАВАНЕ И РЕДАКЦИЯ на ЗАПИСА
Създаване/Редакция Редакция
Дата на регистрацията/редакция 15.09.2017
Статус, дата на статуса 11.07.2013 - от С1,Р / 11.07.2013
Служител, извършил регистрацията/редакцията Елица_Владова
999 ## - СИСТЕМНИ КОНТРОЛНИ НОМЕРА
Koha biblioitemnumber 139496
999 ## - СИСТЕМНИ КОНТРОЛНИ НОМЕРА
Koha biblioitemnumber 139496
999 ## - СИСТЕМНИ КОНТРОЛНИ НОМЕРА
Koha biblioitemnumber 139496
Наличности
Код за отписване Код за изгубен артикул Източник на класификационната схема Код за повреда Коз за рестрикции Код за отдаване Артикулен № Име на библиотеката - собственик Име на библиотеката, в която се намира в момента Статус (Текущо местоположение) Дата на вписване в системата Местоположение - отдел Цена в лева Инвентарен номер Систематично азбучна сигнатура Баркод Номер на екземпляра Цена в евро Служебна бележка Служебен тип на артикула Бележка за публиката
  Не е изгубен Universal Decimal Classification Не е повреден само за читалня ползва се в читалня 228424 Регионална библиотека "Любен Каравелов" Русе Регионална библиотека "Любен Каравелов" Русе Хранилище 1987-01-01 Хранилище 0.74 475087 Цб ІІ 18125 120000475087 1 0.38 N: стар фонд Дата: 01.01.1987 Книги  
Изтеглен Не е изгубен   Не е повреден без рестрикции заемане за дома 228425 Регионална библиотека "Любен Каравелов" Русе Регионална библиотека "Любен Каравелов" Русе   1987-01-01 Детски отдел 0.47 483432 ДХ 886.7/Е 53 483432 2 0.24 N: стар фонд Дата: 01.01.1987 Дата инв: 02.09.2015 Бележки инв: Д2015 Книги Отч.N: 31/2017 , Дата: 01.09.2017
Изтеглен Не е изгубен   Не е повреден без рестрикции заемане за дома 228426 Регионална библиотека "Любен Каравелов" Русе Регионална библиотека "Любен Каравелов" Русе Детски отдел 1987-01-01 Детски отдел 0.47 483436 ДХ 886.7/Е 53 483436 3 0.24 N: стар фонд Дата: 01.01.1987 Дата инв: 02.09.2015 Бележки инв: Д2015 Книги  
Изтеглен Не е изгубен   Не е повреден без рестрикции заемане за дома 228427 Регионална библиотека "Любен Каравелов" Русе Регионална библиотека "Любен Каравелов" Русе   1987-01-01 Детски отдел 0.47 483437 ДХ 886.7/Е 53 483437 4 0.24 N: стар фонд Дата: 01.01.1987 Дата инв: 02.09.2015 Бележки инв: Д2015 Книги Отч.N: 31/2017 , Дата: 01.09.2017
Изтеглен Не е изгубен   Не е повреден без рестрикции заемане за дома 228428 Регионална библиотека "Любен Каравелов" Русе Регионална библиотека "Любен Каравелов" Русе   1987-01-01 Детски отдел 0.47 483438 ДХ 886.7/Е 53 483438 5 0.24 N: стар фонд Дата: 01.01.1987 Дата инв: 02.09.2015 Бележки инв: Д2015 Книги Отч.N: 31/2017 , Дата: 01.09.2017
Изтеглен Не е изгубен   Не е повреден без рестрикции заемане за дома 228429 Регионална библиотека "Любен Каравелов" Русе Регионална библиотека "Любен Каравелов" Русе   1987-01-01 Детски отдел 0.47 483439 ДХ 886.7/Е 53 483439 6 0.24 N: стар фонд Дата: 01.01.1987 Дата инв: 02.09.2015 Бележки инв: Д2015 Книги Отч.N: 31/2017 , Дата: 01.09.2017
Изтеглен Не е изгубен   Не е повреден без рестрикции заемане за дома 228430 Регионална библиотека "Любен Каравелов" Русе Регионална библиотека "Любен Каравелов" Русе   1987-01-01 Детски отдел 0.74 483440 ДХ 886.7/Е 53 483440 7 0.38 N: стар фонд Дата: 01.01.1987 Дата инв: 02.09.2015 Бележки инв: Д2015 Книги Отч.N: 31/2017 , Дата: 01.09.2017
Изтеглен Не е изгубен Universal Decimal Classification Не е повреден без рестрикции заемане за дома 228431 Регионална библиотека "Любен Каравелов" Русе Регионална библиотека "Любен Каравелов" Русе Детски отдел 1987-01-01 Детски отдел 0.47 483441 ДХ 886.7/Е 53 483441 8 0.24 N: стар фонд Дата: 01.01.1987 Дата инв: 02.09.2015 Бележки инв: Д2015 Книги  
Изтеглен Не е изгубен Universal Decimal Classification Не е повреден без рестрикции заемане за дома 228432 Регионална библиотека "Любен Каравелов" Русе Регионална библиотека "Любен Каравелов" Русе Детски отдел 1987-01-01 Детски отдел 0.47 624767 ДХ 886.7/Е 53 624767 9 0.24 N: стар фонд Дата: 01.01.1987 Дата инв: 02.09.2015 Бележки инв: Д2015 Книги  
Vip Innovations Ltd, Rousse, Bulgaria 2025